| 000 | 00000nas##2200000za#4500 |
|---|---|
| 001 | 9.503948 |
| 003 | CaOODSP |
| 005 | 20240501092930 |
| 007 | cr ||||||||||| |
| 008 | 150406c2009||||xxc|| p o||||f| |0fre|d |
| 040 | |aCaOODSP|bfre |
| 043 | |an-cn--- |
| 086 | 1 |aPS81-10F-PDF |
| 110 | 2 |aService correctionnel Canada. |
| 245 | 10|aPlan stratégique pour la gestion des ressources humaines |h[ressource électronique] |
| 260 | |aOttawa - Ontario : |bService correctionnel Canada |
| 310 | |aIrrégulier |
| 362 | 1 |a[2007-2008 à 2009-2010]-- |
| 775 | 08|tStrategic plan for human resource management |w(CaOODSP)9.507560 |